000 00695nam a2200301Ia 4500
005 20250425161759.0
008 250425s9999 xx 000 0 und d
020 _a8448106075
041 _aspa
043 _asp
082 _a330
100 _aSAMUELSON, PAUL A.
245 0 _aECONOMIA
250 _a15A ED.
260 _aEspaña
_bMCGRAW-HILL
_c1996
260 _aMADRID
300 _a808
500 _aTítulo Traducido: ECONOMICS
650 _aANALISIS ECONOMICO
650 _aBOLSA DE VALORES
650 _aECONOMIA
650 _aMERCADO
650 _aMICROECONOMIA
650 _aSALARIOS
700 _aESTHER RABASCO
_etraductor
942 _c01
010 _a28766
999 _c215987
_d215987